Artificial Intelligence

Gespeichert in:
Bibliographische Detailangaben
1. Verfasser: Winston, Patrick Henry (Verfasst von)
Format: Buch
Sprache:Englisch
Veröffentlicht: Reading : Addison-Wesley Publishing Company, 1992
Ausgabe:3. vyd.
Schlagworte:
Tags: Tag hinzufügen
Keine Tags, Fügen Sie das erste Tag hinzu!

MARC

LEADER 00000nam a22000003a 4500
001 stu264826
005 20150617230158.1
008 130326s--------xxu-----------------eng-d
020 |a 0-201-53377-4 
040 |a STU  |b slo 
041 0 |a eng 
044 |a xxu 
100 1 |a Winston, Patrick Henry  |4 aut 
245 1 |a Artificial Intelligence 
250 |a 3. vyd. 
260 |a Reading :  |b Addison-Wesley Publishing Company,  |c 1992 
300 |a 735 s 
650 7 |a umelá inteligencia  |2 stusub 
996 |b 284IK06147  |c I*13UI7471  |l I  |s A  |a 24  |w stu264826_0001